Noviny do pohody krajší pohľad na svet
| Other Authors: | , |
|---|---|
| Format: | Newspaper |
| Language: | Slovak |
| PhysicalDescription: | zv. 30 cm |
| Published: |
Bratislava
Bauer Media SK
2013-
Bratislava Mafra Slovakia Print, a.s. Bratislava MAFRA Slovakia, a.s. |
| ISSN: | 1339-469X |
| Subjects: |
MARC
| LEADER | 00000cas a2200000 a 4500 | ||
|---|---|---|---|
| 001 | vtls010568112 | ||
| 003 | SK-MaSNL | ||
| 005 | 20260318104951.0 | ||
| 008 | 140110c20139999xo wr ne 001 b0slo | ||
| 022 | |a 1339-469X | ||
| 040 | |a SVKPO |b slo |c SVKPO |d SNK |e AACR2 | ||
| 041 | 0 | |a slo | |
| 044 | |a xo |c SK | ||
| 072 | 7 | |a 316.7 |x Sociológia kultúry. Kultúrny život |2 konspekt | |
| 072 | 7 | |a 394 |x Verejný a spoločenský život. Každodenný život |2 konspekt | |
| 072 | 7 | |a 070 |x Noviny. Tlač. Žurnalistika |2 konspekt | |
| 080 | |a 070.48 |2 2011 | ||
| 080 | |a 316.728 |2 2011 | ||
| 080 | |a 394 |2 2011 | ||
| 080 | |a 050 |2 2011 | ||
| 210 | 0 | |a Nov. pohody | |
| 222 | 0 | |a Noviny do pohody | |
| 245 | 0 | 0 | |a Noviny do pohody |b krajší pohľad na svet |
| 260 | |a Bratislava |b Bauer Media SK |c 2013- | ||
| 260 | 2 | |3 49/2018-1/2020 |a Bratislava |b Mafra Slovakia Print, a.s. | |
| 260 | 3 | |3 2/2020- |a Bratislava |b MAFRA Slovakia, a.s. | |
| 300 | |a zv. |c 30 cm | ||
| 310 | |a 1x týždenne | ||
| 362 | 0 | |a Roč. 1, č. 1 (14. nov. 2013)- | |
| 500 | |a Redaktori sa menia | ||
| 500 | |a Evidenčné číslo: EV 4873/13 | ||
| 515 | |a S č. 6/2013 vyšlo č. 1/2014 ; s č. 52/2014 vyšlo č. 1/2015 | ||
| 515 | |a Č. 1/2021 vydané v r. 2020 | ||
| 650 | 0 | 7 | |a každodenný život |2 SNKPH |9 4946 |
| 655 | 7 | |a noviny |2 SNKPH |9 72987 | |
| 700 | 1 | |a Jovanovič, Andrea |4 pbd |9 267745 | |
| 700 | 1 | |a Gešvantnerová, Renáta |4 pbd |9 275108 | |
| 910 | |a snk | ||
| 916 | |a 2013-2016 | ||
| 999 | |c 12005 |d 13935 | ||
| 952 | |t č. 1-27 |a SNK |b SNK |y PREZ |7 0 |p 17A1557924 |o snkČSB 6486/12/2024/1 |i snk2025/15141 |8 0 |z Č. 1/2024 vydali v decembri 2023 |0 0 |1 0 |4 0 |d 2025-09-25 |l 0 |r 2026-02-21 19:51:47 |w 2026-02-21 | ||
| 952 | |t č. 28-52 |a SNK |b SNK |y PREZ |7 0 |p 17A1557925 |o snkČSB 6486/12/2024/2 |i snk2025/15144 |8 0 |0 0 |1 0 |4 0 |d 2025-09-25 |l 0 |r 2026-02-21 19:51:48 |w 2026-02-21 | ||
| 952 | |t č. 1-26, neúplné |a SNK |b SNK |y PREZ |7 0 |p 17A1519891 |o snkČSB 6486/8/2020/1 |i snk2023/2729 |8 0 |z Chýba č. 15 |0 0 |1 0 |4 0 |d 2023-02-15 |l 0 |r 2026-02-21 20:03:46 |w 2026-02-21 | ||
| 952 | |t č. 1-25 |a SNK |b SNK |y PREZ |7 0 |p 17A1465089 |o snkČSB 6486/4/2016/1 D1 |i snk2022/19169 |8 1 |0 0 |1 0 |4 0 |d 2022-12-20 |l 0 |r 2026-02-21 20:11:19 |w 2026-02-21 | ||
| 952 | |t č. 26-52 |a SNK |b SNK |y PREZ |7 0 |p 17A1465090 |o snkČSB 6486/4/2016/2 D1 |i snk2022/19170 |8 1 |0 0 |1 0 |4 0 |d 2022-12-20 |l 0 |r 2026-02-21 20:11:19 |w 2026-02-21 | ||
| 952 | |t č. 27-52 |a SNK |b SNK |y PREZ |7 0 |p 17A1519892 |o snkČSB 6486/8/2020/2 |i snk2023/2730 |8 0 |0 0 |1 0 |4 0 |d 2023-02-15 |l 0 |r 2026-02-21 20:11:43 |w 2026-02-21 | ||
| 952 | |t č. 1-26 |a SNK |b SNK |y PREZ |7 0 |p 17A1519893 |o snkČSB 6486/8-9/2020-2021/1 |i snk2023/2731 |8 0 |z Č. 1 vydané 30.12.2020 |0 0 |1 0 |4 0 |d 2023-02-15 |l 0 |r 2026-02-21 20:11:43 |w 2026-02-21 | ||
| 952 | |t č. 27-52 |a SNK |b SNK |y PREZ |7 0 |p 17A1519894 |o snkČSB 6486/9/2021/2 |i snk2023/2734 |8 0 |0 0 |1 0 |4 0 |d 2023-02-15 |l 0 |r 2026-02-21 20:11:43 |w 2026-02-21 | ||
| 952 | |t č. 1-52, neúplné |a SNK |b SNK |y PREZ |7 0 |p 17A1525236 |o snkČSB 6486/8/2020 D1 |i snk2024/18571 |8 0 |z Chýba č. 15, 34-52 |0 0 |1 0 |4 0 |d 2024-12-16 |l 0 |r 2026-02-21 21:40:14 |w 2026-02-21 | ||
| 952 | |t č. 1-27, neúplné |a SNK |b SNK |y PREZ |7 0 |p 17A1525237 |o snkČSB 6486/10/2022/1 |i snk2024/18573 |8 0 |z Chýba č. 24 ; ; Č. 1 a 2 majú na titulnej strane uvedený roč. 9 ; Č. 1 má uvedený dátum vydania ; 30. 12. 2021 |0 0 |1 0 |4 0 |d 2024-12-16 |l 0 |r 2026-02-21 21:40:14 |w 2026-02-21 | ||
| 952 | |t č. 28-52, neúplné |a SNK |b SNK |y PREZ |7 0 |p 17A1525238 |o snkČSB 6486/10/2022/2 |i snk2024/18575 |8 0 |z Chýba č. 38 |0 0 |1 0 |4 0 |d 2024-12-16 |l 0 |r 2026-02-21 21:40:14 |w 2026-02-21 | ||
| 952 | |t č. 1-27 |a SNK |b SNK |y PREZ |7 0 |p 17A1525239 |o snkČSB 6486/11/2023/1 |i snk2024/18576 |8 0 |z Č. 1 má uvedený dátum vydania ; 29. 12. 2022 |0 0 |1 0 |4 0 |d 2024-12-16 |l 0 |r 2026-02-21 21:40:14 |w 2026-02-21 | ||
| 952 | |t č. 28-52 |a SNK |b SNK |y PREZ |7 0 |p 17A1525240 |o snkČSB 6486/11/2023/2 |i snk2024/18578 |8 0 |0 0 |1 0 |4 0 |d 2024-12-16 |l 0 |r 2026-02-21 21:40:14 |w 2026-02-21 | ||
| 952 | |t č. 1-6/1 |a SNK |b SNK |y PREZ |7 0 |p 17A1264005 |o snkČSB 6486/1/2013-2014 |i snk2017/18618 |8 0 |f 1 |0 0 |1 0 |4 0 |d 2017-08-21 |l 0 |r 2026-02-21 21:48:51 |w 2026-02-21 | ||
| 952 | |t č. 2-52/1, neúplné |a SNK |b SNK |y PREZ |7 0 |p 17A1264004 |o snkČSB 6486/2/2014-2015 |i snk2017/18652 |8 0 |z Chýba č. 21-23, 25-43, 47-50 |f 1 |0 0 |1 0 |4 0 |d 2017-08-22 |l 0 |r 2026-02-21 21:48:55 |w 2026-02-21 | ||
| 952 | |t č. 2-25 |a SNK |b SNK |y PREZ |7 0 |p 17A1264003 |o snkČSB 6486/3/2015/1 |i snk2017/18653 |8 0 |f 1 |0 0 |1 0 |4 0 |d 2017-08-22 |l 0 |r 2026-02-21 21:48:55 |w 2026-02-21 | ||
| 952 | |t č. 26-53 |a SNK |b SNK |y PREZ |7 0 |p 17A1264002 |o snkČSB 6486/3/2015/2 |i snk2017/18654 |8 0 |f 1 |0 0 |1 0 |4 0 |d 2017-08-22 |l 0 |r 2026-02-21 21:48:55 |w 2026-02-21 | ||
| 952 | |t č. 1-25 |a SNK |b SNK |y PREZ |7 0 |p 17A1264001 |o snkČSB 6486/4/2016/1 |i snk2017/18655 |8 0 |f 1 |0 0 |1 0 |4 0 |d 2017-08-22 |l 0 |r 2026-02-21 21:48:56 |w 2026-02-21 | ||
| 952 | |t č. 26-52 |a SNK |b SNK |y PREZ |7 0 |p 17A1264000 |o snkČSB 6486/4/2016/2 |i snk2017/18656 |8 0 |f 1 |0 0 |1 0 |4 0 |d 2017-08-22 |l 0 |r 2026-02-21 21:48:56 |w 2026-02-21 | ||
| 952 | |t č. 1-6/1 |a SNK |b SNK |y PREZ |7 0 |p 17A1263999 |o snkČSB 6486/1/2013-2014 D1 |i snk2017/18657 |8 0 |0 0 |1 0 |4 0 |d 2017-08-22 |l 0 |r 2026-02-21 21:48:56 |w 2026-02-21 | ||
| 952 | |t č. 2-52/1, neúplné |a SNK |b SNK |y PREZ |7 0 |p 17A1263998 |o snkČSB 6486/2/2014-2015 D1 |i snk2017/18658 |8 0 |z Chýba č. 21-43, 47-50 |0 0 |1 0 |4 0 |d 2017-08-22 |l 0 |r 2026-02-21 21:48:56 |w 2026-02-21 | ||
| 952 | |t č. 2-25 |a SNK |b SNK |y PREZ |7 0 |p 17A1263997 |o snkČSB 6486/3/2015/1 D1 |i snk2017/18659 |8 0 |0 0 |1 0 |4 0 |d 2017-08-22 |l 0 |r 2026-02-21 21:48:56 |w 2026-02-21 | ||
| 952 | |t č. 26-53, neúplné |a SNK |b SNK |y PREZ |7 0 |p 17A1263996 |o snkČSB 6486/3/2015/2 D1 |i snk2017/18663 |8 0 |z Chýba č. 27-43, 45-53 |0 0 |1 0 |4 0 |d 2017-08-22 |l 0 |r 2026-02-21 21:49:01 |w 2026-02-21 | ||
| 952 | |t č. 1-26 |a SNK |b SNK |y PREZ |7 0 |p 17A1343668 |o snkČSB 6486/5/2017/1 |i snk2019/6040 |8 0 |0 0 |1 0 |4 0 |d 2019-03-06 |l 0 |r 2026-02-21 21:50:50 |w 2026-02-21 | ||
| 952 | |t č. 27-52 |a SNK |b SNK |y PREZ |7 0 |p 17A1343669 |o snkČSB 6486/5/2017/2 |i snk2019/6041 |8 0 |0 0 |1 0 |4 0 |d 2019-03-06 |l 0 |r 2026-02-21 21:50:50 |w 2026-02-21 | ||
| 952 | |t č. 1-26, neúplné |a SNK |b SNK |y PREZ |7 0 |p 17A1343670 |o snkČSB 6486/5/2017/1 D1 |i snk2019/6061 |8 0 |z Chýba č. 1-3 |0 0 |1 0 |4 0 |d 2019-03-06 |l 0 |r 2026-02-21 21:50:50 |w 2026-02-21 | ||
| 952 | |t č. 27-52 |a SNK |b SNK |y PREZ |7 0 |p 17A1343671 |o snkČSB 6486/5/2017/2 D1 |i snk2019/6084 |8 0 |0 0 |1 0 |4 0 |d 2019-03-06 |l 0 |r 2026-02-21 21:50:50 |w 2026-02-21 | ||
| 952 | |t č. 1-26 |a SNK |b SNK |y PREZ |7 0 |p 17A1343672 |o snkČSB 6486/6/2018/1 |i snk2019/6090 |8 0 |0 0 |1 0 |4 0 |d 2019-03-06 |l 0 |r 2026-02-21 21:50:50 |w 2026-02-21 | ||
| 952 | |t č. 27-52 |a SNK |b SNK |y PREZ |7 0 |p 17A1343673 |o snkČSB 6486/6/2018/2 |i snk2019/6099 |8 0 |0 0 |1 0 |4 0 |d 2019-03-06 |l 0 |r 2026-02-21 21:50:50 |w 2026-02-21 | ||
| 952 | |t č. 1-26 |a SNK |b SNK |y PREZ |7 0 |p 17A1343674 |o snkČSB 6486/6/2018/1 D1 |i snk2019/6104 |8 0 |0 0 |1 0 |4 0 |d 2019-03-06 |l 0 |r 2026-02-21 21:50:50 |w 2026-02-21 | ||
| 952 | |t č. 27-52 |a SNK |b SNK |y PREZ |7 0 |p 17A1343675 |o snkČSB 6486/6/2018/2 D1 |i snk2019/6124 |8 0 |0 0 |1 0 |4 0 |d 2019-03-06 |l 0 |r 2026-02-21 21:50:50 |w 2026-02-21 | ||
| 952 | |t č. 1-26 |a SNK |b SNK |y PREZ |7 0 |p 17A1388055 |o snkČSB 6486/7/2019/1 |i snk2020/7621 |8 0 |0 0 |1 0 |4 0 |d 2020-05-14 |l 0 |r 2026-02-21 21:53:09 |w 2026-02-21 | ||
| 952 | |t č. 27-52 |a SNK |b SNK |y PREZ |7 0 |p 17A1388054 |o snkČSB 6486/7/2019/2 |i snk2020/7622 |8 0 |0 0 |1 0 |4 0 |d 2020-05-14 |l 0 |r 2026-02-21 21:53:09 |w 2026-02-21 | ||
| 952 | |t č. 1-26 |a SNK |b SNK |y PREZ |7 0 |p 17A1388053 |o snkČSB 6486/7/2019/1 D1 |i snk2020/7623 |8 0 |0 0 |1 0 |4 0 |d 2020-05-14 |l 0 |r 2026-02-21 21:53:09 |w 2026-02-21 | ||
| 952 | |t č. 27-52 |a SNK |b SNK |y PREZ |7 0 |p 17A1388052 |o snkČSB 6486/7/2019/2 D1 |i snk2020/7624 |8 0 |0 0 |1 0 |4 0 |d 2020-05-14 |l 0 |r 2026-02-21 21:53:09 |w 2026-02-21 | ||
| 952 | |t 1 |a SNK |b SNK |y PREZ |7 3 |p 17A1560126 |o snkČSB 6486/13/2025/1 |i snk2026/6152 |8 0 |0 0 |1 0 |2 udc |4 0 |d 2025-09-25 |l 0 |r 2026-04-27 13:10:51 |w 2026-02-21 | ||
| 952 | |t 1 |a SNK |b SNK |y PREZ |7 3 |p 17A1560127 |o snkČSB 6486/13/2025/2 |i snk2026/6153 |h č. 27-52 |8 0 |0 0 |1 0 |2 udc |4 0 |d 2025-09-25 |l 0 |r 2026-04-27 13:15:01 |w 2026-02-21 | ||


